000 00783nam a2200253Ia 4500
003 OSt
005 20221005080736.0
006 a|||||r|||| 00| 0
007 ta
008 221004b |||||||| |||| 00| 0 eng d
020 _a9780199454679 (hbk)
_c1395
024 _a17016
037 _b12845, 13/03/2015, Uppal Book Stores
_cTextual
040 _aCRL
_cCRL
_beng
041 _2eng
_aeng
082 _aNA44,M8(Q:45), Q5
100 _aMichell George
245 0 _aLate temple architecture of India
_b 15th to19th Centuries
260 _aNew Delhi
_bOxford Univesity press India
_c2015
300 _a351p.
_ccm.
650 _aARTS
942 _hNA44,M8(Q:45), Q5
_cTEXL
_2cc
999 _c986654
_d986654